Normal view MARC view
  • Waleed Asif

Entry Personal Name

Number of records used in: 1

001 - CONTROL NUMBER

  • control field: 104909

003 - CONTROL NUMBER IDENTIFIER

  • control field: NUST

005 - DATE AND TIME OF LATEST TRANSACTION

  • control field: 20221215093720.0

008 - FIXED-LENGTH DATA ELEMENTS

  • fixed length control field: 221215|| aca||aabn | a|a d

040 ## - CATALOGING SOURCE

  • Original cataloging agency: NUST
  • Transcribing agency: NUST

100 ## - HEADING--PERSONAL NAME

  • Personal name: Waleed Asif

670 ## - SOURCE DATA FOUND

  • Source citation: Work cat.: (NUST): Waleed Asif , TH-SOF-2114-A Model for Sustainable Performance Impact of Green Innovation and Moderating Effect of Green Human Capital on Sustainability, 2022.
© 2023 Central Library, National University of Sciences and Technology. All Rights Reserved.